000 00616nam a2200205 i 4500
001 145966
003 ES-MaACL
005 20230906201353.0
007 t|
008 071018s1970 sp ||||1| spa d
100 1 _aVerdet, André.
_9114028
245 1 0 _aFernand Leger /
_cAndré Verdet ; [traducción Marçal Olivar].
260 _a[Barcelona :
_bNauta,
_c1970]
300 _a95 p. :
_bil. ;
_c32 cm.
490 1 _aGrandes maestros del siglo XX
700 1 _aOlivar, Marçal.
_986758
830 0 _aGrandes maestros del siglo XX
_9181649
852 _aES-MaACL
_jC-41250
_bR.72245
999 _c145966
_d145966